Grammaire: niveau intermediare

Guardat en:
Dades bibliogràfiques
Autor principal: SIREJOLS, Evelyne Renaud, Dominique
Format: Llibre
Idioma:anglès
Publicat: CLE International 2007
Etiquetes: Afegir etiqueta
Sense etiquetes, Sigues el primer a etiquetar aquest registre!

MARC

LEADER 00000nam a22000007a 4500
008 230823b |||||||| |||| 00| 0 eng d
020 |a 2090337419 
100 |a SIREJOLS, Evelyne  |a Renaud, Dominique 
245 |a Grammaire:  |b  niveau intermediare  |c  / Evelyne Sirejols, Dominique Renaud  |e (Le Nouvel entrainez-vous)  |g 190p. 
250 |b Nouv. ed 
260 |b CLE International  |c 2007  |h Paris  |i 653456  |l PC2111.Si8  |m French language - Grammar  |m French language - Grammar -  |m French Study and teaching - Foreign speakers 
942 |a lcc  |c BK  |e AAR  |f 23:8:23 
952 |0 0  |1 0  |2 lcc  |4 0  |6 PC2111 S I8  |7 0  |9 4414  |a HOL  |b HOL  |c LP  |d 2023-08-23  |l 0  |o PC2111.Si8  |p 2023-0339  |r 2023-08-23 00:00:00  |t 653456  |w 2023-08-23  |y BK 
999 |c 2215  |d 2215